| 000 | 01813nam a2200529 i 4500 | ||
|---|---|---|---|
| 001 | 44977 | ||
| 003 | KOSZ 005 | ||
| 005 | 20220427112332.0 | ||
| 008 | 041008s2004 pl a |000 0 pol | ||
| 015 | _aUWD 2004/19076 | ||
| 035 | _a991024934539705066 | ||
| 035 | _a(PL-WaBN)b16805331-48omnis_nlop | ||
| 035 | _ab16805331 | ||
| 035 | _a(OCoLC)749196007 | ||
| 035 | _azz2004792596 | ||
| 035 | _a(PL)b0000001680533 | ||
| 035 | _a(EXLNZ-48OMNIS_NETWORK)9910272411405606 | ||
| 040 |
_aWA N _cWA N _dKOSZ 005/HR |
||
| 041 | 0 | _apol | |
| 046 | _k2004 | ||
| 080 | _a628.2 | ||
| 080 | _a621.77 | ||
| 080 | _a539.3/.4 | ||
| 080 | _a519.863 | ||
| 100 | 1 |
_aKuliczkowski, Andrzej _d(1950- ) _eAutor |
|
| 245 | 1 | 0 |
_aRury kanalizacyjne. _nT. 2, _pProjektowanie konstrukcji / _cAndrzej Kuliczkowski. |
| 260 |
_aKielce : _bWydawnictwo PŚ, _c2004. |
||
| 300 |
_a507 s. : _brys., tab., wykr. ; _c24 cm. |
||
| 336 |
_aTekst _btxt _2rdacontent |
||
| 337 |
_aBez urządzenia pośredniczącego _bn _2rdamedia |
||
| 338 |
_aWolumin _bnc _2rdacarrier |
||
| 380 | _aKsiążki | ||
| 388 | _a2001- | ||
| 490 | 1 |
_aMonografie, Studia, Rozprawy / [Politechnika Świętokrzyska] ; _v42 |
|
| 500 | _aNa s. red. i s. 4 okł. błędny i zbędny ISSN. | ||
| 504 | _aBibliogr. s. 501-507. | ||
| 650 | 7 |
_aKanalizacja _2DBN |
|
| 650 | 7 | _aRury | |
| 650 | 7 |
_aNaprężenia i odkształcenia _2DBN |
|
| 650 | 7 |
_aOptymalizacja _2DBN |
|
| 658 | _aInżynieria i technika | ||
| 710 | 2 |
_aWydawnictwo Politechniki Świętokrzyskiej _4pbl |
|
| 830 | 0 |
_aMonografie, Studia, Rozprawy - Politechnika Świętokrzyska _v42 |
|
| 856 |
_uhttp://koha.tu.koszalin.pl/cgi-bin/koha/opac-detail.pl?biblionumber=44977 _yKatalog online BPK |
||
| 942 |
_2UKD _cKS |
||
| 999 |
_c44977 _d44977 |
||